Inteligencia artificial /

Guardado en:
Autor Corporativo: BBC.
Formato: Deslizar
Series:Todo ciencia
Materias:
Etiquetas: Agregar Etiqueta
Sin Etiquetas, Sea el primero en etiquetar este registro!
LEADER 01062ngm a22002895g 4500
001 CEM.cems022115
008 130507b1995##################0###0#####d
005 20241004155835.0
245 1 0 |a Inteligencia artificial /  |c BBC. 
300 |a 26'. 
490 0 |a Todo ciencia 
500 |a En soporte VHS, consultar en ventanilla. 
538 |a Soporte: VHS - Norma: Pal N - Color - Grabación DRD 1995 - Hitachi=0000. 
505 0 |a Máquinas de calcular: Pascal, Bavash, Boule. Computadoras. Memoria ROM y RAM. Sistema operativo. Software y programas. Microprocesador. El chip de silicio: su origen, desarrollo y fabricación. Sistemas expertos. Monitoreo. 
110 2 |a BBC. 
082 0 0 |. 6/BBC 
653 |a COMPUTACION 
653 |a COMPUTADORAS 
653 |a INTELIGENCIA ARTIFICIAL 
653 |a MAQUINAS DE CALCULAR 
653 |a MICROPROCESADOR 
653 |a CHIPS 
653 |a SOFTWARE 
653 |a SISTEMA OPERATIVO 
653 |a MONITOREO 
653 |a NIVEL SECUNDARIO 
859 |a CEMS  |b BIB. CEMS - Depto. Recursos Didacticos  |h 001.6  |i BBC  |k DRD  |p 758.12  |t Ej.1